000 00599nam a22002057a 4500
005 20130913123122.0
008 130725b xxu||||| |||| 00| 0 eng d
010 _aENG-108146
020 _a9788170589266
_c240.00
035 _aEN-91679
037 _bDBAD/PUB
040 _aDPL
_bENG
082 _a181.499
100 _a
245 _aFlowers and their messages :
_bthe mother /
260 _aPondicherry
_bSri Aurobindo Ashram
_c2013
270 _aSri Aurobindo Ashram
_bPondicherry
_e605002
300 _a xix,312p. :
_c24cm(pbk)
_bill.
942 _2ddc
_cEN
_mFLO
_h181.499
999 _c78067
_d78067